| 000 | 01118cam a22003617a 4500 | ||
|---|---|---|---|
| 003 | CHAP | ||
| 005 | 20220817043130.0 | ||
| 008 | 971013s1978 r 00010 d | ||
| 010 | _a66466 | ||
| 011 | _a67438 | ||
| 035 | _a76908 | ||
| 040 | _cCHAP | ||
| 090 | _aFolleto 7322 (1978) | ||
| 100 | 0 | 0 |
_aLeón, Carlos de. _966216 |
| 245 | 0 |
_aMaladies du mais _b: un guide pour les indetifier sur le terrain |
|
| 250 | _a2 ed. | ||
| 260 |
_aMéxico, D. F. : _bCIMMYT, _c1978 |
||
| 300 |
_a92 p. _b: ilus. |
||
| 410 | _aCIMMYT | ||
| 490 | 0 |
_aBoletín de información _v; 11 |
|
| 590 |
_aBATCH-UPD _b10 _c20130110 _lUCH01 _h0300 |
||
| 590 |
_aBATCH-UPD _b10 _c20130110 _lUCH01 _h2129 |
||
| 590 |
_aBATCH-UPD _b10 _c20130409 _lUCH01 _h2332 |
||
| 590 |
_aBATCH-UPD _b10 _c20130410 _lUCH01 _h1439 |
||
| 590 |
_aBATCH-UPD _b10 _c20130914 _lUCH01 _h0757 |
||
| 590 |
_aCONVERSION _b10 _c20130109 _lUCH01 _h1337 |
||
| 650 | 1 | 4 |
_aMaíz _xEnfermedades. _970939 |
| 810 |
_aCIMMYT _923309 |
||
| 830 | 0 |
_aBoletín de información _v; 11 |
|
| 901 | _aBK | ||
| 942 | _cFOLL | ||
| 949 |
_aFolleto 7322 (1978) _bBC _cFOLL _d-29767 _eTS1 _i76908 _si |
||
| 999 |
_c66466 _d66466 |
||